000 00733nam0a2200241 4500
001 RU\NLR\BIBL_A\022493644
005 20250806203556.0
035 _a(NLR Aleph) 022493644
090 _a87012
_c87012
100 _a20250318d1941 u y0rusy50 ca
101 0 _auzb
102 _aUZ
105 _aa z 000 y
200 1 _aSemurq
_ejaki Pәrzad va Bunjad
_fHәmid Alimҫan
210 _aTaşkent
_cOzb. Balalar va adab naşr
_d1941
215 _a41,[1] c.
_cил.
_d176
541 1 _6z01790
_aCимург
_zrus
700 1 _aAlimҫan
_bH.
_gHәmid
_4070
790 1 _6z01541
_aАлимджан
_bХ.
_gХамид
_4070
942 _cBOOK
945 _aРоссийская национальная библиотека
980 _aBV